Sovremennyj elektroprivod stankov s ČPU i promyšlennych robotov. Kniga 14
Gespeichert in:
| Format: | Buch |
|---|---|
| Sprache: | Russisch |
| Veröffentlicht: |
Moskva :
VŠ,
1989
|
| Ausgabe: | 1. izd. |
| Schlagworte: | |
| Tags: |
Keine Tags, Fügen Sie das erste Tag hinzu!
|
MARC
| LEADER | 00000nam a22000003a 4500 | ||
|---|---|---|---|
| 001 | stu30904 | ||
| 005 | 20141122062602.5 | ||
| 008 | 930125s1989----xxr-----------------rus-d | ||
| 020 | |a 5-06-000284-5 | ||
| 040 | |a STU |b slo | ||
| 041 | 0 | |a rus | |
| 044 | |a xxr | ||
| 080 | |a 658.52.011.56 |7 stu_us_auth*stu8281 | ||
| 080 | |a 621.865.8 |7 A000003983 | ||
| 245 | |a Sovremennyj elektroprivod stankov s ČPU i promyšlennych robotov. Kniga 14 | ||
| 250 | |a 1. izd. | ||
| 260 | |a Moskva : |b VŠ, |c 1989 | ||
| 300 | |a 108 s | ||
| 650 | 7 | |a priemyselné roboty |2 stusub | |
| 996 | |b 284J016669 |c J*87432 |l JJST |s P |a 0 |w stu30904_0001 | ||